Banner

Jorge Restrepo Uribe : (Record no. 128)

MARC details
000 -LEADER
campo de control de longitud fija 01089nam a22002897a 4500
001 - NÚMERO DE CONTROL
campo de control 004188
003 - IDENTIFICADOR DE NÚMERO DE CONTROL
campo de control CoMeUDC004188
005 - FECHA Y HORA DE LA ÚLTIMA TRANSACCIÓN
campo de control 20181026192632.0
008 - DATOS DE LONGITUD FIJA--INFORMACIÓN GENERAL
campo de control de longitud fija 921121s1992 ck r 00010 spa d
015 ## - NÚMERO DE BIBLIOGRAFÍA NACIONAL
Número de bibliografía nacional ck-1992-xxxx
040 ## - FUENTE DE CATALOGACIÓN
Centro catalogador/agencia de origen CoMeUDC
Centro/agencia transcriptor CoMeUDC
041 0# - CÓDIGO DE IDIOMA
Código de lengua del texto/banda sonora o título independiente spa
043 ## - CÓDIGO DE ÁREA GEOGRÁFICA
Código de área geográfica s-ck---
082 04 - NÚMERO DE LA CLASIFICACIÓN DECIMAL DEWEY
Número de clasificación 986.21
Número de ítem F85j
Información de edición 19 ed.
110 ## - ENTRADA PRINCIPAL--NOMBRE DE ENTIDAD CORPORATIVA
Nombre de entidad corporativa o nombre de jurisdicción como elemento de entrada Fundación Antioqueña para los Estudios Sociales
Sede del congreso/Lugar de la reunión (Medellin)
9 (RLIN) 80
245 10 - MENCIÓN DEL TÍTULO
Título Jorge Restrepo Uribe :
Resto del título su influencia en el desarrollo de Medellín /
Mención de responsabilidad, etc. investigación Fundación Antioqueña para los Estudios Sociales ; corrección y recopilación Luz Posada de Greiff.
260 ## - PUBLICACIÓN, DISTRIBUCIÓN, ETC.
Lugar de publicación, distribución, etc. Medellín :
Nombre del editor, distribuidor, etc. El Concejo,
Fecha de publicación, distribución, etc. 1992.
300 ## - DESCRIPCIÓN FÍSICA
Extensión 213 p. ;
Dimensiones 23 cm.
600 16 - PUNTO DE ACCESO ADICIONAL DE MATERIA--NOMBRE DE PERSONA
Nombre de persona Restrepo Uribe, Jorge,
Fechas asociadas al nombre 1905-1990.
650 #6 - PUNTO DE ACCESO ADICIONAL DE MATERIA--TÉRMINO DE MATERIA
Término de materia o nombre geográfico como elemento de entrada Desarrollo urbano
Subdivisión general Historia
Subdivisión geográfica Medellín (Colombia)
650 ## - PUNTO DE ACCESO ADICIONAL DE MATERIA--TÉRMINO DE MATERIA
Término de materia o nombre geográfico como elemento de entrada Historia del urbanismo
Subdivisión geográfica Medellín (Colombia)
651 #0 - PUNTO DE ACCESO ADICIONAL DE MATERIA--NOMBRE GEOGRÁFICO
Nombre geográfico Medellín (Colombia)
Subdivisión general Aspectos sociales.
9 (RLIN) 81
651 #0 - PUNTO DE ACCESO ADICIONAL DE MATERIA--NOMBRE GEOGRÁFICO
Nombre geográfico Medellín (Colombia)
Subdivisión general Historia.
9 (RLIN) 81
700 1# - ENTRADA AGREGADA--NOMBRE PERSONAL
Nombre de persona Posada de Greiff, Luz,
Término indicativo de función/relación comp.
942 ## - ELEMENTOS DE ENTRADA SECUNDARIOS (KOHA)
Fuente del sistema de clasificación o colocación Clasificación Decimal Dewey
Tipo de ítem Koha Libros
949 ## - PROCESAMIENTO DE INFORMACIÓN LOCAL (OCLC)
a c
b c
Holdings
Estatus retirado Estado de pérdida Fuente del sistema de clasificación o colocación Estado de daño No para préstamo Colección Biblioteca de origen Biblioteca actual Fecha de adquisición Fuente de adquisición Signatura topográfica completa Código de barras Visto por última vez Copia número Precio de reemplazo Tipo de ítem Koha
    Clasificación Decimal Dewey     Colección general U DE COLOMBIA - Biblioteca U DE COLOMBIA - Biblioteca 26/10/2018 Donación 986.21 F85j 004188 26/10/2018 1 26/10/2018 Libros


Biblioteca Académica Corporación Universitaria U DE COLOMBIA | Teléfono: +(57) (4) 2398080 ext. 1112 | E-mail: biblioteca@udecolombia.edu.co | Dirección: Calle 56 Nº 41 – 147 (Bolivia con Girardot)
Horario de atención: lunes a viernes 8:00 a.m. a 8:00 p.m. - sábados 8:00 a.m. a 4:00 p.m.
Implementado por Grupo EGS.

Powered by Koha